Vista normal
Vista MARC
- Federación Estatal de Asociaciones de Profesionales de Atención Temprana - GAT
Entrada Nombre corporativo
Número de registros utilizados en: 1
001 - NÚMERO DE CONTROL
- campo de control: 2583
003 - IDENTIFICADOR DEL NÚMERO DE CONTROL
- campo de control: ES-MaFIAP
005 - FECHA Y HORA DE LA ÚLTIMA TRANSACCIÓN
- campo de control: 20260114101747.0
008 - DATOS DE LONGITUD FIJA
- campo de control de longitud fija: 260114|| aca||aabn | a|a d
040 ## - FUENTE DE LA CATALOGACIÓN
- Centro catalogador/agencia de origen: ES-MaFIAP
- Centro/agencia transcriptor: ES-MaFIAP
110 ## - ENCABEZAMIENTO-NOMBRE DE ENTIDAD CORPORATIVA
- Nombre de entidad corporativa o nombre de jurisdicción como elemento de entrada: Federación Estatal de Asociaciones de Profesionales de Atención Temprana - GAT
670 ## - FUENTE DE DATOS ENCONTRADOS
- Cita de la fuente: Work cat.: (ES-MaFIAP)1071: Varios autores 2582, Organización Diagnóstica para la Atención Temprana:, 2004





